All Non-Self Governing Territories - Statistics

General Stats
  • This quiz has been taken 25 times
  • The average score is 11 of 19
Answer Stats
Continent Administering State Non-Self Governing Territory % Correct
Europe Disputed (United Kingdom/Spain) Gibraltar
96%
Africa Disputed (Morocco/Sahrawi Arab Democratic Republic) Western Sahara
96%
South America United Kingdom Falkland Islands
84%
New Caledonia
80%
Oceania France French Polynesia
76%
British Virgin Islands
72%
United States American Samoa
68%
Bermuda
68%
Cayman Islands
68%
Guam
64%
Montserrat
64%
North America United Kingdom Anguilla
60%
New Zealand Tokelau
48%
Turks and Caicos Islands
48%
United Kingdom Pitcairn Islands
44%
United Kingdom Saint Helena
40%
Ascension
36%
United States United States Virgin Islands
20%
Tristan de Cunha
12%
No matching quizzes found
Score Distribution
Percent of People with Each Score
Percentile by Number Answered
Your Score History
You have not taken this quiz